|
|
|
|
| LEADER |
00000nam2a2200000 4500 |
| 001 |
232757 |
| 005 |
20231031203419.0 |
| 010 |
|
|
|a 5110016429
|
| 035 |
|
|
|a (RuTPU)RU\TPU\book\253811
|
| 035 |
|
|
|a RU\TPU\book\243853
|
| 035 |
|
|
|a RU\TPU\book\244159
|
| 090 |
|
|
|a 232757
|
| 100 |
|
|
|a 20121017d1990 k y0rusy50 ca
|
| 101 |
0 |
|
|a rus
|
| 102 |
|
|
|a UA
|
| 105 |
|
|
|a y z 001zy
|
| 200 |
0 |
|
|a Вып. 205: Проблемы развития внешнеэкономических связей стран социализма
|f отв. ред. А. А. Чухно
|
| 210 |
|
|
|d 1990
|
| 215 |
|
|
|a 97 с.
|
| 320 |
|
|
|a Библиогр. в конце ст.
|
| 333 |
|
|
|a Исключено из фонда НТБ ТПУ
|
| 461 |
|
1 |
|0 (RuTPU)RU\TPU\book\243853
|t Вопросы политической экономии
|o республиканский межведомственный научный сборник
|f Киевский государственный университет им. Т. Г. Шевченко
|v Вып. 205: Проблемы развития внешнеэкономических связей стран социализма
|d 1982-
|
| 702 |
|
1 |
|a Чухно
|b А. А.
|4 651
|
| 801 |
|
0 |
|a RU
|b RuMRKP
|c 19950417
|g psbo
|
| 801 |
|
1 |
|a RU
|b 63413507
|c 20130219
|
| 801 |
|
2 |
|a RU
|b 63413507
|c 20220413
|g RCR
|
| 942 |
|
|
|c BK
|